| 000 | 00666nam a2200241 a 4500 | ||
|---|---|---|---|
| 001 | 71650 | ||
| 003 | BD-RjUL | ||
| 005 | 20211209082135.0 | ||
| 008 | 161002s1966 nyua 001 0 eng d | ||
| 035 | _a(BD-RjUL)71866 | ||
| 040 |
_aDLC _cBD-RjUL _dBD-RjUL _beng |
||
| 041 | _aeng | ||
| 082 |
_223 _a620.103 _bMES 1966 |
||
| 100 | 1 |
_aMeriam, J. L. _q(James L.) _9158526 |
|
| 245 | 1 | 0 |
_aStatics / _cJ.L. Meriam |
| 260 |
_aNew York : _bWiley & sons, _cc1966 |
||
| 300 |
_a[8], 324 p. : _bill. ; _c25 cm |
||
| 500 | _aIncludes indexes | ||
| 650 | 0 |
_aStatics (Applied Statics) _9158527 |
|
| 650 | 0 |
_aMechanics _9159588 _xApplied |
|
| 700 | 1 |
_a. _9158528 |
|
| 942 |
_2ddc _cBK |
||
| 999 |
_c71650 _d71650 |
||